000 00678cab a2200217 4500
001 WB2738-58
008 090401t1991 xxu||||| |||| 00| 0 eng d
035 _a(Sirsi) u1901
041 _aeng
100 _aKauntze, Richard
245 _aCouncil tax bandings will start soon
260 _c1991
350 _a0
490 _aCS Monthly : General Practice
_v(2) October 1991, 2(1)
520 _aDiscusses the tender process for obtaining valuation work for the new council tax bands under the Local Government Finance and Valuation Act 1991.
650 _aCOUNCIL TAX
650 _aValuation
_96273
690 _aRATING AND VALUATION
942 _n0
948 _c04/03/1997
999 _c1112
_d1112